| 000 | 02143nam0a2200373 4500 | ||
|---|---|---|---|
| 001 | RU\NLR\bibl\1879737 | ||
| 005 | 20260408194251.0 | ||
| 010 |
_a978-5-8353-1153-8 _9100 |
||
| 021 |
_aRU _b2012-13802 _91037 |
||
| 035 | _a(NLR Aleph) 001869512 | ||
| 090 |
_a2641694 _c2641694 |
||
| 100 | _a20120314d2011 |||y0rusy50 ca | ||
| 101 | 0 | _arus | |
| 102 | _aRU | ||
| 105 | _ay ||||||||| | ||
| 200 | 1 |
_aИстория белой Сибири _eсборник научных статей _e[по итогам VIII Международной научной конференции, Кемерово, 25-26 февраля 2011 г. _fредкол.: д.ист.н. Е.С. Генина и др.] |
|
| 210 |
_aКемерово _cКемГУ _d2011 |
||
| 215 |
_a293 с. _d21 |
||
| 300 | _aВ надзаг.: М-во образования и науки Рос. Федерации, Федерал. гос. бюджет. образоват. учреждение высш. проф. образования "Кемер. гос. ун-т", Фак. истории и междунар. отношений, Каф. новейшей отечеств. истории | ||
| 320 | _aБиблиогр. в подстроч. примеч. | ||
| 606 | 1 |
_aГражданская война и военная интервенция в России _jСъезды, совещания и т.п. _yСибирь _z1918 - 1920 _92191858 _3RU\NLR\auth\661317543 |
|
| 606 |
_aЭмигранты русские _jСъезды, совещания и т.п. _xИстория _z1917 - 1930-ые гг. _92266674 _3RU\NLR\auth\661358744 |
||
| 686 | _aТ3(2)712.9-9(2Р5)я431 | ||
| 686 | _aТ3(2)71-274я431 | ||
| 686 | _aЦ35(2)712.6я431 | ||
| 702 | 1 |
_aГенина _bЕ. С. _gЕлена Сергеевна _4340 |
|
| 712 | 0 | 2 |
_4570 _aКемеровский государственный университет _bКафедра новейшей отечественной истории _9375298 _3RU\NLR\AUTH\889940224 |
| 801 | 0 |
_aRU _bNLR _c20120314 _gRCR |
|
| 801 | 1 |
_aRU _bNLR _c20120314 |
|
| 830 | _aред. по эк | ||
| 942 | _cBOOK | ||
| 980 | _aNB | ||
| 980 | _aNBR | ||